| 000 | 00524nam a22001817a 4500 | ||
|---|---|---|---|
| 003 | CEME | ||
| 005 | 20210628202517.0 | ||
| 008 | 210209b xxu||||| |||| 00| 0 eng d | ||
| 020 | _a0-521-63948-4 | ||
| 040 | _c. | ||
| 082 | _a532.059 MAJ | ||
| 100 |
_aBertozzi, Andrea.L Majda, Andrew.J _960235 |
||
| 245 | _aVorticity and incompressible flow | ||
| 260 |
_aUK _bCAMBRIDGE UNIVERSITY PRESS _c2001 |
||
| 300 | _aXII,545P | ||
| 650 |
_aINCOMPRESSIBLE FLOW; NON-NEWTONIAN FLUIDS; VORTEX-MOTION _960236 |
||
| 942 |
_cBK _2ddc |
||
| 999 |
_c570020 _d570020 |
||